skbl

Dr Suryya Kumar Bhuyan Library Web-OPAC
ডঃ সূৰ্য্য
কুমাৰ ভূঞা পুথিভঁৰাল ৱেব-অ'পেক

All Research Scholars are advised to clear the annual library fees to continue using Library Resources, Remote Access, Plagiarism Test and Library Clearance.

Cotton University Book Fair 2026

Elements of Educational Psychology / (Record no. 11672)

MARC details
000 -LEADER
fixed length control field 00692nam a2200241Ia 4500
001 - CONTROL NUMBER
control field 11685
008 - FIXED-LENGTH DATA ELEMENTS--GENERAL INFORMATION
fixed length control field 180404s2003 ii g b000 u 465 u
020 ## - INTERNATIONAL STANDARD BOOK NUMBER
International Standard Book Number 81 250 0029 1
082 ## - DEWEY DECIMAL CLASSIFICATION NUMBER
Classification number 370.15
100 ## - MAIN ENTRY--PERSONAL NAME
Personal name Bhatia, H.R..
245 #0 - TITLE STATEMENT
Title Elements of Educational Psychology /
Statement of responsibility, etc. H.R.Bhatia.
Medium Textual Documents
250 ## - EDITION STATEMENT
Edition statement 9th ed. /
260 ## - PUBLICATION, DISTRIBUTION, ETC.
Place of publication, distribution, etc. Calcutta :
Name of publisher, distributor, etc. Orient Book Co. ,
Date of publication, distribution, etc. 2003.
300 ## - PHYSICAL DESCRIPTION
Extent 558p. ;
Dimensions 19cm.
504 ## - BIBLIOGRAPHY, ETC. NOTE
Bibliography, etc. note Index
653 ## - INDEX TERM--UNCONTROLLED
Uncontrolled term Educational Psychology
653 ## - INDEX TERM--UNCONTROLLED
Uncontrolled term G-Education
653 ## - INDEX TERM--UNCONTROLLED
Uncontrolled term T/G-Education
653 ## - INDEX TERM--UNCONTROLLED
Uncontrolled term T/G-Education
653 ## - INDEX TERM--UNCONTROLLED
Uncontrolled term T/G-Education
856 ## - ELECTRONIC LOCATION AND ACCESS
Uniform Resource Identifier <a href="Acc no 86776 is not Available , It is Replaced Against Acc no86776/R">Acc no 86776 is not Available , It is Replaced Against Acc no86776/R</a>
942 ## - ADDED ENTRY ELEMENTS (KOHA)
Source of classification or shelving scheme Dewey Decimal Classification
Koha item type Books
Holdings
Withdrawn status Lost status Damaged status Not for loan Home library Current library Date acquired Coded location qualifier Cost, normal purchase price Total checkouts Full call number Barcode Date last seen Copy number Price effective from Koha item type
        Dr. Suryya Kumar Bhuyan Library Dr. Suryya Kumar Bhuyan Library 01/02/2012 00000 195.00   370.15 B 469 El 90266 13/01/2024 11 01/02/2012 Books
        Dr. Suryya Kumar Bhuyan Library Dr. Suryya Kumar Bhuyan Library 01/02/2012 00000 195.00   370.15 B 469 El 40381 13/01/2024 7 01/02/2012 Books
        Dr. Suryya Kumar Bhuyan Library Dr. Suryya Kumar Bhuyan Library 01/02/2012 00000 195.00   370.15 B 469 El 564/EL 13/01/2024 3 01/02/2012 Books
        Dr. Suryya Kumar Bhuyan Library Dr. Suryya Kumar Bhuyan Library 01/02/2012 00000 195.00   370.15 B 469 El 565/El 13/01/2024 8 01/02/2012 Books
        Dr. Suryya Kumar Bhuyan Library Dr. Suryya Kumar Bhuyan Library 01/02/2012 00000 195.00   370.15 B 469 El 71941 13/01/2024 10 01/02/2012 Books
        Dr. Suryya Kumar Bhuyan Library Dr. Suryya Kumar Bhuyan Library 01/02/2012 00000 195.00   370.15 B 469 El 71943 13/01/2024 5 01/02/2012 Books
        Dr. Suryya Kumar Bhuyan Library Dr. Suryya Kumar Bhuyan Library 01/02/2012 00000 195.00   370.15 B 469 El 73988 13/01/2024 9 01/02/2012 Books
        Dr. Suryya Kumar Bhuyan Library Dr. Suryya Kumar Bhuyan Library 01/02/2012 00000 195.00   370.15 B 469 El 74701 13/01/2024 2 01/02/2012 Books
        Dr. Suryya Kumar Bhuyan Library Dr. Suryya Kumar Bhuyan Library 01/02/2012 00000 195.00   370.15 B 469 El 74702 13/01/2024 6 01/02/2012 Books
        Dr. Suryya Kumar Bhuyan Library Dr. Suryya Kumar Bhuyan Library 01/02/2012 00000 195.00   370.15 B 469 El 86774 13/01/2024 1 01/02/2012 Books
        Dr. Suryya Kumar Bhuyan Library Dr. Suryya Kumar Bhuyan Library 01/02/2012 00000 195.00   370.15 B 469 El 86775 13/01/2024 4 01/02/2012 Books
        Dr. Suryya Kumar Bhuyan Library Dr. Suryya Kumar Bhuyan Library 01/02/2012 00000 195.00   370.15 B 469 El 90265 13/01/2024 12 01/02/2012 Books

Designed and Maintained by Team SKBL
©1901-2026

Powered by Koha